Động hoa vàng Bạt của Tam Ích, Josech Huỳnh Văn
vv
Đã lưu trong:
| Tác giả chính: | |
|---|---|
| Định dạng: | Sách |
| Năm xuất bản: |
Tp.Hồ Chí Minh
Văn nghệ
2006
|
| Phiên bản: | Tái bản lần 1 |
| Chủ đề: | |
| Tags: |
Thêm thẻ
Không có thẻ, Hãy là người đầu tiên gắn thẻ bản ghi này!
|
| LEADER | 02142nam a2200301 4500 | ||
|---|---|---|---|
| 082 | |a 895.92214 |b PH104TH | ||
| 100 | |a Phạm Thiên Thư | ||
| 245 | |a Động hoa vàng |c Phạm Thiên Thư |b Bạt của Tam Ích, Josech Huỳnh Văn | ||
| 250 | |a Tái bản lần 1 | ||
| 260 | |a Tp.Hồ Chí Minh |b Văn nghệ |c 2006 | ||
| 300 | |a 118tr. |c 19cm | ||
| 520 | |a vv | ||
| 653 | |a Văn học hiện đại | ||
| 653 | |a Thế kỷ 21 | ||
| 653 | |a Việt Nam | ||
| 653 | |a Thơ | ||
| 942 | |2 ddc |c STK0 | ||
| 999 | |c 3805 |d 3805 | ||
| 952 | |0 0 |1 0 |2 ddc |4 0 |6 895_922140000000000_PH104TH |7 1 |8 800 |9 38741 |a qbu |b qbu |c D5 |d 2014-12-17 |g 18000 |o 895.92214 PH104TH |p 3900.C1 |r 0000-00-00 |w 2014-12-17 |y STK0 | ||
| 952 | |0 0 |1 0 |2 ddc |4 0 |6 895_922140000000000_PH104TH |7 0 |8 800 |9 38742 |a qbu |b qbu |c D5 |d 2014-12-17 |g 18000 |o 895.92214 PH104TH |p 3900.C2 |r 0000-00-00 |w 2014-12-17 |y STK0 | ||
| 952 | |0 0 |1 0 |2 ddc |4 0 |6 895_922140000000000_PH104TH |7 0 |8 800 |9 38743 |a qbu |b qbu |c D5 |d 2014-12-17 |g 18000 |o 895.92214 PH104TH |p 3900.C3 |r 0000-00-00 |w 2014-12-17 |y STK0 | ||
| 952 | |0 0 |1 0 |2 ddc |4 0 |6 895_922140000000000_PH104TH |7 0 |8 800 |9 38744 |a qbu |b qbu |c D5 |d 2014-12-17 |g 18000 |o 895.92214 PH104TH |p 3900.C4 |r 0000-00-00 |w 2014-12-17 |y STK0 | ||
| 952 | |0 0 |1 0 |2 ddc |4 0 |6 895_922140000000000_PH104TH |7 0 |8 800 |9 38745 |a qbu |b qbu |c D5 |d 2014-12-17 |g 18000 |o 895.92214 PH104TH |p 3900.C5 |r 0000-00-00 |w 2014-12-17 |y STK0 | ||
| 952 | |0 0 |1 0 |2 ddc |4 0 |6 895_922140000000000_PH104TH |7 0 |8 800 |9 38746 |a qbu |b qbu |c D5 |d 2014-12-17 |g 18000 |o 895.92214 PH104TH |p 3900.C6 |r 0000-00-00 |w 2014-12-17 |y STK0 | ||
| 952 | |0 0 |1 0 |2 ddc |4 0 |6 895_922140000000000_PH104TH |7 0 |8 800 |9 38747 |a qbu |b qbu |c D5 |d 2014-12-17 |g 18000 |o 895.92214 PH104TH |p 3900.C7 |r 0000-00-00 |w 2014-12-17 |y STK0 | ||
| 952 | |0 0 |1 0 |2 ddc |4 0 |6 895_922140000000000_PH104TH |7 0 |8 800 |9 38748 |a qbu |b qbu |c D5 |d 2014-12-17 |g 18000 |o 895.92214 PH104TH |p 3900.C8 |r 0000-00-00 |w 2014-12-17 |y STK0 | ||
| 952 | |0 0 |1 0 |2 ddc |4 0 |6 895_922140000000000_PH104TH |7 0 |8 800 |9 38749 |a qbu |b qbu |c D5 |d 2014-12-17 |g 18000 |o 895.92214 PH104TH |p 3900.C9 |r 0000-00-00 |w 2014-12-17 |y STK0 | ||
| 952 | |0 0 |1 0 |2 ddc |4 0 |6 895_922140000000000_PH104TH |7 0 |8 800 |9 38750 |a qbu |b qbu |c D5 |d 2014-12-17 |g 18000 |o 895.92214 PH104TH |p 3900.C10 |r 0000-00-00 |w 2014-12-17 |y STK0 | ||